00730 2200265 4500001002100000005001500021035002000036008004100056020002200097040001700119041000800136082001500144084001700159090002100176090002100197245004200218260003600260300002800296850001200324100002000336650003300356504003300389999002100422990002100443INLIS00000000079422420190710081809 a0010-0818000098180802 ind  a978-602-401-225-0 aYOPDYOGbind0 aind04223a297.77 a297.77 SUD f aDEP 297.77 SUD f aCB-D.11 2018-4910 aFilsafat pendidikan Islamm /cSudarto3 aYogyakarta :bDeepublish,c2018 ax, 239 halaman ;c20 cm aYOPDYOG0 aSudarto,d1980- 4aPendidikan Islam--xFilsafat aBibliografi: halaman 232-238 aCB-D.11/2018-491 aCB-D.11/2018-491